[Event "Lazy Baltic Pearl op-A 21st"]
[Site "Lazy"]
[Date "2025.07.03"]
[Round "4"]
[White "Gasiorek, Dariusz"]
[Black "Jablonski, Piotr"]
[Result "0-1"]
[WhiteElo "1845"]
[BlackElo "1793"]
[PlyCount "130"]
[EventDate "2025.06.30"]
[EventType "swiss"]
[EventRounds "9"]
[EventCountry "POL"]
[SourceTitle "CB28_2025"]
[SourceDate "2025.07.09"]
[SourceVersion "1"]
[SourceVersionDate "2025.07.09"]
[SourceQuality "1"]

1. d4 d5 2. c4 e6 3. Nc3 Nf6 4. Bg5 dxc4 5. e4 c5 6. Nf3 cxd4 7. Nxd4 e5 8. Ndb5 a6 9. Qxd8+ Kxd8 10. 0-0-0+ Bd7 11. Nd6 Bxd6 12. Rxd6 Kc7 13. Rd1 Be6 14. f4 Ng4 15. f5 f6 16. fxe6 fxg5 17. Nd5+ Kc6 18. Bxc4 Nf2 19. Rhf1 Nxd1 20. Kxd1 b5 21. Bb3 Ra7 22. Rf5 Kd6 23. e7 Nc6 24. Rf8 Ra8 25. Rf7 Rae8 26. Rxg7 Nxe7 27. Rxg5 Nxd5 28. Bxd5 Rhf8 29. Ke2 Rc8 30. b4 Rc2+ 31. Kd3 Rff2 32. Rh5 Rfd2+ 33. Ke3 Rxg2 34. Rh6+ Kc7 35. Rxh7+ Kb8 36. Kf3 Rxh2 37. Rb7+ Kc8 38. Ra7 Rh6 39. Kg4 Rf2 40. Ra8+ Kc7 41. Ra7+ Kd8 42. Ra8+ Ke7 43. Ra7+ Kf8 44. Ra8+ Kg7 45. Ra7+ Kg6 46. Rxa6+ Rf6 47. Ra5 Rf4+ 48. Kg3 Kh5 49. Ra3 Rg6+ 50. Kh2 Rh4+ 51. Rh3 Ra6 52. Rxh4+ Kxh4 53. Kg2 Kg4 54. Kf2 Kf4 55. Ke2 Ra4 56. Kd3 Rxb4 57. Kc3 Rxe4 58. Bxe4 Kxe4 59. Kb4 Kf3 60. Kxb5 e4 61. a4 e3 62. a5 e2 63. a6 e1Q 64. a7 Qe8+ 65. Kb6 Qa8 0-1

[Event "Lazy Baltic Pearl op-A 21st"]
[Site "Lazy"]
[Date "2025.06.30"]
[Round "9"]
[White "Gajec, Roza"]
[Black "Jablonski, Piotr"]
[Result "0-1"]
[WhiteElo "1702"]
[BlackElo "1793"]
[PlyCount "78"]
[EventDate "2025.06.30"]
[EventType "swiss"]
[EventRounds "9"]
[EventCountry "POL"]
[SourceTitle "CB28_2025"]
[SourceDate "2025.07.09"]
[SourceVersion "1"]
[SourceVersionDate "2025.07.09"]
[SourceQuality "1"]

1. e4 c5 2. Nf3 g6 3. d4 cxd4 4. Nxd4 Nf6 5. Bd3 Nc6 6. Be3 d6 7. c4 Bg7 8. Nxc6 bxc6 9. Nc3 Ng4 10. Bd2 Qb6 11. 0-0 Qxb2 12. Rb1 Qa3 13. h3 Ne5 14. Be2 Qa5 15. Kh1 0-0 16. Qc2 Qc7 17. f4 Nd7 18. Bf3 Ba6 19. Na4 Rab8 20. Rfd1 c5 21. Be3 Rxb1 22. Rxb1 Rb8 23. Rb3 Rb4 24. Rxb4 cxb4 25. Be2 Nc5 26. f5 Bb7 27. fxg6 hxg6 28. Bf3 a5 29. Nxc5 dxc5 30. Qf2 a4 31. Bxc5 b3 32. axb3 axb3 33. Bd4 Qxc4 34. Bxg7 Kxg7 35. Qb2+ f6 36. Qa3 Kf7 37. Be2 Qc2 38. Bf3 b2 39. Qa2+ Kg7 0-1

[Event "POL-chT U20 2nd League"]
[Site "Sypniewo"]
[Date "2025.06.26"]
[Round "9.86"]
[White "Jablonski, Piotr"]
[Black "Komendecki, Grzegorz"]
[Result "1/2-1/2"]
[WhiteElo "1719"]
[BlackElo "1817"]
[PlyCount "60"]
[EventDate "2025.06.18"]
[EventType "team-swiss"]
[EventRounds "9"]
[EventCountry "POL"]
[SourceTitle "CB27_2025"]
[SourceDate "2025.07.02"]
[SourceVersion "1"]
[SourceVersionDate "2025.07.02"]
[SourceQuality "1"]
[WhiteTeam "Nysa Gekon"]
[BlackTeam "Jelenia Gora Jelonka"]
[WhiteTeamCountry "POL"]
[BlackTeamCountry "POL"]

1. e4 c5 2. Nf3 Nf6 3. Nc3 Nc6 4. d4 cxd4 5. Nxd4 d5 6. Bb5 Bd7 7. exd5 Nxd4 8. Qxd4 Bxb5 9. Nxb5 a6 10. Nc3 e6 11. 0-0 Nxd5 12. Nxd5 Qxd5 13. Qxd5 exd5 14. Re1+ Kd7 15. c3 Bd6 16. Be3 Rhe8 17. Bd4 f6 18. h3 Kc6 19. Kf1 b6 20. Rxe8 Rxe8 21. Re1 Rxe1+ 22. Kxe1 Bc5 23. Kd2 Bxd4 24. cxd4 Kd6 25. Kd3 Ke6 26. Ke3 Kf5 27. Kf3 g5 28. g4+ Ke6 29. Ke3 h6 30. f3 Kd6 1/2-1/2

[Event "POL-chT U20 2nd League"]
[Site "Sypniewo"]
[Date "2025.06.24"]
[Round "7.86"]
[White "Jablonski, Piotr"]
[Black "Pastuszko, Katarzyna"]
[Result "1-0"]
[WhiteElo "1719"]
[BlackElo "1660"]
[PlyCount "73"]
[EventDate "2025.06.18"]
[EventType "team-swiss"]
[EventRounds "9"]
[EventCountry "POL"]
[SourceTitle "CB27_2025"]
[SourceDate "2025.07.02"]
[SourceVersion "1"]
[SourceVersionDate "2025.07.02"]
[SourceQuality "1"]
[WhiteTeam "Nysa Gekon"]
[BlackTeam "Białołeka Sparta"]
[WhiteTeamCountry "POL"]
[BlackTeamCountry "POL"]

1. e4 e5 2. Nf3 Nf6 3. Nxe5 Nc6 4. Nxc6 dxc6 5. Nc3 Bc5 6. Be2 h5 7. h3 Qd4 8. 0-0 Qd6 9. e5 Qxe5 10. Bf3 Be6 11. d3 Ng4 12. Bxg4 hxg4 13. Re1 Bxf2+ 14. Kxf2 Qf6+ 15. Kg1 gxh3 16. Qf3 Qh4 17. Qe4 Qh5 18. Qe5 Qg4 19. Qg5 Qd4+ 20. Be3 Qd7 21. gxh3 Rxh3 22. Kf1 f6 23. Qg6+ Kd8 24. Ke2 Bf5 25. Qg2 Qd6 26. Rh1 Rxh1 27. Qxh1 Kd7 28. Rf1 Bg4+ 29. Kd2 Re8 30. Bf4 Qb4 31. Kc1 g5 32. Bd2 Qd4 33. Qg1 Qxg1 34. Rxg1 Be6 35. Ne4 Ke7 36. Rf1 Rf8 37. Bb4+ 1-0

[Event "POL-chT U20 2nd League"]
[Site "Sypniewo"]
[Date "2025.06.20"]
[Round "3.74"]
[White "Zaglowek, Blazej"]
[Black "Jablonski, Piotr"]
[Result "1/2-1/2"]
[WhiteElo "1746"]
[BlackElo "1719"]
[PlyCount "65"]
[EventDate "2025.06.18"]
[EventType "team-swiss"]
[EventRounds "9"]
[EventCountry "POL"]
[SourceTitle "CB27_2025"]
[SourceDate "2025.07.02"]
[SourceVersion "1"]
[SourceVersionDate "2025.07.02"]
[SourceQuality "1"]
[WhiteTeam "Gliwice Akademia Szachowa"]
[BlackTeam "Nysa Gekon"]
[WhiteTeamCountry "POL"]
[BlackTeamCountry "POL"]

1. e4 c5 2. Nf3 g6 3. d4 cxd4 4. Nxd4 Nf6 5. Nc3 d6 6. Be2 Bg7 7. 0-0 Nc6 8. Nb3 0-0 9. Re1 a6 10. Bf1 b5 11. Bg5 Bb7 12. Nd5 Nd7 13. c3 Re8 14. Qd2 Nb6 15. Rad1 Ne5 16. Nxe7+ Rxe7 17. Bxe7 Qxe7 18. Qxd6 Qxd6 19. Rxd6 Nbc4 20. Bxc4 Nxc4 21. Rd7 Bc6 22. Rc7 Be8 23. Re2 Bf8 24. e5 Nb6 25. Rd2 Nc4 26. Re2 Nb6 27. Rd2 Nc4 28. Re2 Nb6 29. Rd2 Nc4 30. Re2 Nb6 31. Nd4 Nd5 32. Rb7 Bc5 33. Rd2 1/2-1/2